ბათუმის შოთა რუსთაველის სახელმწიფო უნივერსიტეტის ბიბლიოთეკა

Основы права (ბიბ.ჩანაწერი № 36081)

000 -LEADER
fixed length control field 00602nam a2200229Ia 4500
001 - CONTROL NUMBER
control field 1981
003 - CONTROL NUMBER IDENTIFIER
control field GE_BSU
008 - FIXED-LENGTH DATA ELEMENTS--GENERAL INFORMATION
fixed length control field 181216s||||||||xx |||||||||||||| ||und||
020 ## - INTERNATIONAL STANDARD BOOK NUMBER
International Standard Book Number 591131133Х
040 ## - CATALOGING SOURCE
Transcribing agency GE_BSU
080 ## - UNIVERSAL DECIMAL CLASSIFICATION NUMBER
Universal Decimal Classification number 340(075.32)
100 ## - MAIN ENTRY--PERSONAL NAME
Personal name Смоленский,М.Б.
245 ## - TITLE STATEMENT
Title Основы права
245 ## - TITLE STATEMENT
Remainder of title Учебное пособие для среднего проф. образ-я
260 ## - PUBLICATION, DISTRIBUTION, ETC.
Place of publication, distribution, etc. Москва
260 ## - PUBLICATION, DISTRIBUTION, ETC.
Name of publisher, distributor, etc. Дашков и К
260 ## - PUBLICATION, DISTRIBUTION, ETC.
Date of publication, distribution, etc. 2007
300 ## - PHYSICAL DESCRIPTION
Extent 384стр. 20см.
653 ## - INDEX TERM--UNCONTROLLED
Uncontrolled term Основы права
942 ## - ADDED ENTRY ELEMENTS (KOHA)
Koha item type წიგნი
ეგზემპლარები
Withdrawn status Lost status Damaged status Not for loan Date acquired Barcode Date last seen Price effective from Koha item type
        2018-12-17 3776 2018-12-17 2018-12-17 წიგნი